Southville International School and Colleges
Your cart is empty.
  • Cart
  • Lists
    Public lists Eva Luna New books Lux_list list_1
    Your lists Log in to create your own lists
  • Log in to your account
  • Your cookies
  • Search history
Southville International School and Colleges
  • Advanced search
  • Recent comments
  • Most popular
  • Libraries

Log in to your account

Log in with GOOGLE


If you do not have an external account, but do have a local account, you can still log in:

  1. Home
  2. MARC view: Fauber's radiographic imaging and exposure /
Normal view MARC view ISBD view

Fauber's radiographic imaging and exposure / (Record no. 368777)

[ view plain ]
MARC details
000 -LEADER
fixed length control field 00642nam a22002057a 4500
003 - CONTROL NUMBER IDENTIFIER
control field 0
005 - DATE AND TIME OF LATEST TRANSACTION
control field 20260126172616.0
008 - FIXED-LENGTH DATA ELEMENTS--GENERAL INFORMATION
fixed length control field 260126b xxu||||| |||| 00| 0 eng d
020 ## - INTERNATIONAL STANDARD BOOK NUMBER
International Standard Book Number 978-0-443-11450-2
050 ## - LIBRARY OF CONGRESS CALL NUMBER
Classification number RC 78
Item number .F27 2025
100 ## - MAIN ENTRY--PERSONAL NAME
Personal name Fauber, Terri L.
245 ## - TITLE STATEMENT
Title Fauber's radiographic imaging and exposure /
Statement of responsibility, etc Terri L. Fauber.
250 ## - EDITION STATEMENT
Edition statement Seventh edition.
260 ## - PUBLICATION, DISTRIBUTION, ETC. (IMPRINT)
Place of publication, distribution, etc St. Louis, Missouri :
Name of publisher, distributor, etc Elsevier,
Date of publication, distribution, etc 2025.
300 ## - PHYSICAL DESCRIPTION
Extent x, 269 pages :
Other physical details colored illustrations ;
Dimensions 24 cm.
504 ## - BIBLIOGRAPHY, ETC. NOTE
Bibliography, etc Includes index.
650 ## - SUBJECT ADDED ENTRY--TOPICAL TERM
Topical term or geographic name as entry element Radiography, Medical
Form subdivision Exposure.
650 ## - SUBJECT ADDED ENTRY--TOPICAL TERM
Topical term or geographic name as entry element Radiography, Medical
Form subdivision Image quality.
942 ## - ADDED ENTRY ELEMENTS (KOHA)
Source of classification or shelving scheme Library of Congress Classification
Koha item type Books
Holdings
Withdrawn status Lost status Source of classification or shelving scheme Damaged status Home library Current library Shelving location Date acquired Source of acquisition Sub Shelving location Total Checkouts Full call number Barcode Date last seen Price effective from Koha item type
    Library of Congress Classification   South SEED-LPDH College Library South SEED-LPDH College Library South SEED-LPDH College Section 11/22/2025 Library Fund     RC 78 .F27 2025 SSLC1918 01/26/2026 01/26/2026 Books
    Library of Congress Classification   South SEED-LPDH College Library South SEED-LPDH College Library South SEED-LPDH College Section 11/22/2025 Library Fund     RC 78 .F27 2025 SSLC1930 01/26/2026 01/26/2026 Books
    Library of Congress Classification   South SEED-LPDH College Library South SEED-LPDH College Library South SEED-LPDH College Section 11/22/2025 Library Fund     RC 78 .F27 2025 SSLC1931 01/26/2026 01/26/2026 Books
    Library of Congress Classification   South SEED-LPDH College Library South SEED-LPDH College Library South SEED-LPDH College Section 11/22/2025 Library Fund     RC 78 .F27 2025 SSLC1932 01/26/2026 01/26/2026 Books

Fauber's radiographic imaging and exposure /

APA

Fauber T. L., . (2025). Fauber's radiographic imaging and exposure. St. Louis, Missouri: Elsevier.

Chicago

Fauber Terri L, . 2025. Fauber's radiographic imaging and exposure. St. Louis, Missouri: Elsevier.

Harvard

Fauber T. L., . (2025). Fauber's radiographic imaging and exposure. St. Louis, Missouri: Elsevier.

MLA

Fauber Terri L, . Fauber's radiographic imaging and exposure. St. Louis, Missouri: Elsevier. 2025.

  • Place hold
  • Print
  • Cite
  • Add to your cart (remove)
  • Save record
    BIBTEX Dublin Core MARCXML MARC (non-Unicode/MARC-8) MARC (Unicode/UTF-8) MARC (Unicode/UTF-8, Standard) MODS (XML) RIS
  • More searches
    Search for this title in:
    Other Libraries (WorldCat) Other Databases (Google Scholar) Online Stores (Bookfinder.com) Open Library (openlibrary.org)

Exporting to Dublin Core...

SOUTHVILLE LIBRARY

Southville International School and Colleges Library

1281 Tropical Ave. Cor. Luxembourg St., BF Homes International, Las Pinas City

Tel. No. 8256374 / 252358 Loc. 117/146

Powered by Koha